Music Quiz

Random Music or Song Quiz

Songs Starting With a Preposition Quiz Stats

 Plays Quiz not verified by Sporcle

Score 0/26 Timer 08:00
0 Plays Today
Name of Artist, Year Released Name of Song % Correct
The Red Hot Chili Peppers, 1991Under the Bridge
66.7%
Judy Garland, 1939Over the Rainbow
66.7%
The Beatles, 1967, and Joe Cocker, 1968With a Little Help From my Friends
60.8%
The Beatles, 1963From Me to You
45.1%
The Drifters, 1964Under the Boardwalk
45.1%
Creedence Clearwater Revival, 1969Down on the Corner
43.1%
Glenn Miller, 1939, or Robert Plant, 1985In the Mood
41.2%
Disturbed, 1999Down with the Sickness
35.3%
The Beatles, 1967Within You, Without You
33.3%
The Beatles, 1965In My Life
31.4%
Tom Petty and the Heartbreakers, 1991Into the Great Wide Open
27.5%
The Drifters, 1963, and George Benson, 1978On Broadway
25.5%
Joe Walsh/The Eagles, 1979In the City
19.6%
Name of Artist, Year Released Name of Song % Correct
John Cafferty & the Beaver Brown Band, 1983On the Dark Side
19.6%
The Doobie Brothers, 1973Without You
17.6%
The Beach Boys, 1963In My Room
17.6%
Simon & Garfunkel, 1968At The Zoo
13.7%
Three Doors Down, 2002Away From The Sun
13.7%
Pink Floyd, 1987On the Turning Away
11.8%
Paul McCartney and Wings, 1978With A Little Luck
11.8%
Billy Joel, 1984For The Longest Time
11.8%
Led Zeppelin, 1970Out on the Tiles
7.8%
The Rolling Stones, 1978Before They Make Me Run
7.8%
Duke Ellington (and others later), 1935In a Sentimental Mood
7.8%
The Red Hot Chili Peppers, 1987Behind the Sun
5.9%
Phish, 1994Down With Disease
5.9%

You're not logged in!

Compare scores with friends on all Sporcle quizzes.
OR
Log In

Show Comments

Extras

Created Jan 12, 2011ReportNominate
Tags:Song Quiz, preposition

Top Quizzes Today


Score Distribution

Your Account Isn't Verified!

In order to create a playlist on Sporcle, you need to verify the email address you used during registration. Go to your Sporcle Settings to finish the process.

Report this User

Report this user for behavior that violates our Community Guidelines.

Details: